[Event "IND-ch U19"]
[Site "Ahmedabad"]
[Date "2023.09.26"]
[Round "9"]
[White "Jani Kushal, R."]
[Black "Srihari, Lakshmi"]
[Result "0-1"]
[WhiteElo "1904"]
[BlackElo "2207"]
[PlyCount "84"]
[EventDate "2023.09.20"]
[EventType "swiss"]
[EventRounds "11"]
[EventCountry "IND"]
[SourceTitle "EXT 2024"]
[Source "ChessBase"]
[SourceDate "2023.10.10"]
[SourceVersion "1"]
[SourceVersionDate "2023.10.10"]
[SourceQuality "1"]

1. e4 c5 2. Nf3 e6 3. c3 Nf6 4. e5 Nd5 5. g3 b6 6. Bg2 Ba6 7. d3 Nc6 8. 0-0 Be7 9. a3 0-0 10. b4 Nc7 11. Re1 d6 12. Bf4 Bb7 13. d4 cxb4 14. axb4 Nd5 15. exd6 Bxd6 16. Bxd6 Qxd6 17. Qb3 a5 18. b5 Nce7 19. Nbd2 Nf6 20. Rec1 Nf5 21. Ne5 Bxg2 22. Kxg2 Rac8 23. Kg1 h5 24. h4 Rc7 25. Nec4 Qd8 26. Nxb6 Nxg3 27. fxg3 Qd6 28. Kg2 Qxb6 29. Nf3 Ne4 30. Ne5 Rfc8 31. Qd1 Nxc3 32. Qxh5 Qxb5 33. Rxc3 Qb2+ 34. Kh3 Qxc3 35. Rf1 f6 36. Ng4 Qd3 37. Rxf6 gxf6 38. Nxf6+ Kg7 39. Qg5+ Qg6 40. Nh5+ Kf7 41. Qxg6+ Kxg6 42. Nf4+ Kf5 0-1

[Event "IND-ch 60th"]
[Site "Pune"]
[Date "2023.08.18"]
[Round "3"]
[White "Krishna, C Revanth Gopala"]
[Black "Jani Kushal, R."]
[Result "1-0"]
[WhiteElo "2405"]
[BlackElo "1913"]
[PlyCount "63"]
[EventDate "2023.08.16"]
[EventType "swiss"]
[EventRounds "11"]
[EventCountry "IND"]
[SourceTitle "EXT 2024"]
[Source "ChessBase"]
[SourceDate "2023.10.10"]
[SourceVersion "1"]
[SourceVersionDate "2023.10.10"]
[SourceQuality "1"]

1. Nf3 d5 2. e3 Nf6 3. c4 e6 4. b3 Nbd7 5. Bb2 Bd6 6. Nc3 0-0 7. Qc2 a6 8. g3 dxc4 9. bxc4 b6 10. Bg2 Bb7 11. 0-0 Qe7 12. Rfe1 c5 13. Rab1 Rab8 14. Ba1 Qd8 15. d3 Re8 16. Ne2 Qc7 17. e4 Ng4 18. Nd2 f5 19. exf5 exf5 20. Bxb7 Qxb7 21. d4 Rf8 22. d5 f4 23. Ne4 Be5 24. Ng5 g6 25. Nxf4 Bxf4 26. gxf4 Rxf4 27. Re7 Ngf6 28. Qe2 Nf8 29. Rxb7 Rxb7 30. Rb3 b5 31. Rf3 Rg4+ 32. Rg3 1-0

[Event "Bhubaneswar op-A 14th"]
[Site "Bhubaneswar"]
[Date "2023.06.15"]
[Round "7"]
[White "Jani Kushal, R."]
[Black "Nayak, Sajan Kumar"]
[Result "1-0"]
[WhiteElo "1907"]
[BlackElo "1657"]
[PlyCount "69"]
[EventDate "2023.06.11"]
[EventType "swiss"]
[EventRounds "10"]
[EventCountry "IND"]
[SourceTitle "CBM 214 Extra"]
[Source "ChessBase"]
[SourceDate "2023.07.31"]
[SourceVersion "1"]
[SourceVersionDate "2023.07.31"]
[SourceQuality "1"]

1. e4 c5 2. Nf3 g6 3. c3 Nf6 4. e5 Nd5 5. Bc4 Nb6 6. Bb3 c4 7. Bc2 d6 8. exd6 Qxd6 9. 0-0 Bg7 10. Na3 0-0 11. Qe2 Qc5 12. b3 cxb3 13. axb3 Bd7 14. Bb2 Qd6 15. d4 Nd5 16. Ne5 Bc6 17. c4 Nf4 18. Qg4 Qf6 19. d5 h5 20. Qf3 Be8 21. Nd3 Qg5 22. Bxg7 Nxd3 23. Bxf8 Ne5 24. Qe2 Qf6 25. f4 Ng4 26. h3 Qb6+ 27. Kh1 Kxf8 28. hxg4 hxg4 29. d6 Nd7 30. Qxe7+ Kg8 31. f5 Qd4 32. Qh4 g5 33. Qxg5+ Kf8 34. f6 Nxf6 35. Qxf6 1-0

[Event "Bikaner op 1st"]
[Site "Bikaner"]
[Date "2022.10.06"]
[Round "7"]
[White "Ishant, Kumar"]
[Black "Jani Kushal, R."]
[Result "0-1"]
[WhiteElo "1708"]
[BlackElo "1822"]
[PlyCount "86"]
[EventDate "2022.10.01"]
[EventType "swiss"]
[EventRounds "10"]
[EventCountry "IND"]
[SourceTitle "CBM 210 Extra"]
[Source "ChessBase"]
[SourceDate "2022.11.30"]
[SourceVersion "1"]
[SourceVersionDate "2022.11.30"]
[SourceQuality "1"]

1. e4 c5 2. Nf3 d6 3. d4 cxd4 4. Nxd4 Nf6 5. Nc3 Nc6 6. Be3 Ng4 7. Qd2 Nxe3 8. Qxe3 Bd7 9. Nb3 g6 10. 0-0-0 Bg7 11. Be2 0-0 12. f4 Rc8 13. a3 Na5 14. Nxa5 Qxa5 15. Nd5 Rfe8 16. Kb1 Qa4 17. c4 b5 18. e5 bxc4 19. Rd4 Be6 20. Rc1 Qa5 21. Bf3 Rc5 22. Rcd1 c3 23. Nxc3 dxe5 24. fxe5 Bxe5 25. b4 Bxd4 26. Qxd4 Rb8 27. Kc2 Qa4+ 28. Kd2 Rc4 29. Qe5 Rd8+ 30. Ke1 Rxd1+ 31. Nxd1 Qxa3 32. b5 Qb4+ 33. Kf1 Qc5 34. Qb8+ Kg7 35. h3 Rc1 36. Qf4 Qc4+ 37. Qxc4 Bxc4+ 38. Ke1 Bxb5 39. Kd2 Rc5 40. Nc3 a5 41. Bd1 Bc6 42. g3 a4 43. Nxa4 Rd5+ 0-1

[Event "Bikaner op 1st"]
[Site "Bikaner"]
[Date "2022.10.05"]
[Round "6"]
[White "Jani Kushal, R."]
[Black "Hriday, Panchal"]
[Result "0-1"]
[WhiteElo "1822"]
[BlackElo "1970"]
[PlyCount "90"]
[EventDate "2022.10.01"]
[EventType "swiss"]
[EventRounds "10"]
[EventCountry "IND"]
[SourceTitle "CBM 210 Extra"]
[Source "ChessBase"]
[SourceDate "2022.11.30"]
[SourceVersion "1"]
[SourceVersionDate "2022.11.30"]
[SourceQuality "1"]

1. Nf3 d5 2. g3 Nf6 3. Bg2 c6 4. 0-0 Bg4 5. h3 Bh5 6. d3 Nbd7 7. c4 e6 8. cxd5 exd5 9. e4 dxe4 10. dxe4 Bc5 11. Nc3 0-0 12. Bf4 Re8 13. Qc2 Bxf3 14. Bxf3 Qe7 15. Rad1 Ne5 16. Bg2 Rad8 17. b3 Bd4 18. Ne2 Bb6 19. Bc1 h5 20. Bg5 Rxd1 21. Rxd1 Rd8 22. Nf4 Rxd1+ 23. Qxd1 Qc5 24. Qe2 Nh7 25. Bh4 g5 26. Bxg5 Nxg5 27. Nxh5 Qd4 28. Nf4 Qd2 29. Qxd2 Ngf3+ 30. Kf1 Nxd2+ 31. Ke2 Nb1 32. a4 Nc3+ 33. Kd2 Na2 34. Ke2 Nc1+ 35. Kf1 Nxb3 36. Nh5 Nd7 37. h4 Bd4 38. Nf4 a5 39. Nd3 b5 40. Bf3 bxa4 41. Bd1 Ndc5 42. Nxc5 Nxc5 43. Be2 Nxe4 44. Bd1 a3 45. Bb3 Nd2+ 0-1

[Event "Bikaner op 1st"]
[Site "Bikaner"]
[Date "2022.10.04"]
[Round "5"]
[White "Jani Kushal, R."]
[Black "Kumar, Gaurav"]
[Result "0-1"]
[WhiteElo "1822"]
[BlackElo "2083"]
[PlyCount "96"]
[EventDate "2022.10.01"]
[EventType "swiss"]
[EventRounds "10"]
[EventCountry "IND"]
[SourceTitle "CBM 210 Extra"]
[Source "ChessBase"]
[SourceDate "2022.11.30"]
[SourceVersion "1"]
[SourceVersionDate "2022.11.30"]
[SourceQuality "1"]

1. Nf3 Nf6 2. g3 g6 3. b3 Bg7 4. Bb2 0-0 5. Bg2 c5 6. c4 d6 7. 0-0 e5 8. Nc3 Nc6 9. d3 h6 10. Nd5 Be6 11. Nd2 Bxd5 12. cxd5 Nb4 13. Ne4 Nh7 14. Nc3 f5 15. a3 Na6 16. b4 cxb4 17. axb4 Nxb4 18. Qb3 Na6 19. Ba3 Rf7 20. Nb5 Bf8 21. f4 Qb6+ 22. Kh1 exf4 23. gxf4 Nc7 24. Rab1 Nxb5 25. Qxb5 Qxb5 26. Rxb5 Nf6 27. Ra1 Rc8 28. Bf3 b6 29. Bb2 Bg7 30. Rg1 Kh7 31. Ba3 Ne8 32. Bc1 Rc2 33. Be3 Re7 34. Bf2 Rec7 35. Rbb1 Bf6 36. Be3 Rb2 37. Bf2 Rcc2 38. Ra1 a5 39. Rge1 Rb3 40. d4 Nc7 41. Kg1 Nb5 42. e3 Rbb2 43. Rf1 Nxd4 44. exd4 Rxf2 45. Rxf2 Bxd4 46. Raf1 a4 47. Kg2 Bxf2 48. Ra1 a3 0-1

[Event "Bikaner op 1st"]
[Site "Bikaner"]
[Date "2022.10.02"]
[Round "3"]
[White "Bharadia, Yash"]
[Black "Jani Kushal, R."]
[Result "1-0"]
[WhiteElo "2192"]
[BlackElo "1822"]
[PlyCount "161"]
[EventDate "2022.10.01"]
[EventType "swiss"]
[EventRounds "10"]
[EventCountry "IND"]
[SourceTitle "CBM 210 Extra"]
[Source "ChessBase"]
[SourceDate "2022.11.30"]
[SourceVersion "1"]
[SourceVersionDate "2022.11.30"]
[SourceQuality "1"]

1. e4 c5 2. Nf3 d6 3. d4 cxd4 4. Nxd4 Nf6 5. Nc3 Nc6 6. Bg5 e6 7. Qd2 a6 8. 0-0-0 Bd7 9. f4 Be7 10. Nf3 b5 11. Bxf6 gxf6 12. f5 Qb6 13. Kb1 0-0-0 14. fxe6 fxe6 15. Ne2 Kb8 16. Nf4 Bc8 17. g3 d5 18. exd5 e5 19. Nd3 Rxd5 20. Bg2 Rhd8 21. Nh4 Rd4 22. Qf2 Bc5 23. Qe2 Be7 24. Be4 Bb7 25. Bxh7 Qa5 26. Nc1 Rd2 27. Rxd2 Rxd2 28. Qe1 Nd4 29. Rf1 Bd8 30. c3 Qc7 31. Bg6 Rxh2 32. cxd4 Qc4 33. Nf3 Rg2 34. Bd3 Qd5 35. dxe5 fxe5 36. Qxe5+ Qxe5 37. Nxe5 Rxg3 38. Rf8 Kc7 39. Rf7+ Kd6 40. Rd7+ Kxe5 41. Rxd8 Bd5 42. Re8+ Kd6 43. Re1 Kc5 44. Be4 Bg8 45. Bc2 a5 46. Nd3+ Kb6 47. a3 Bc4 48. Ne5 Bg8 49. Nd7+ Kc7 50. Nf6 Bc4 51. Ne4 Rh3 52. Kc1 Bg8 53. Kd2 Kc6 54. Re3 Rh2+ 55. Re2 Rh3 56. Ng5 Rg3 57. Be4+ Kc5 58. Rg2 Rxg2+ 59. Bxg2 b4 60. Ne4+ Kc4 61. axb4 Kxb4 62. Nc3 a4 63. Nb1 Kb3 64. Kc1 Be6 65. Be4 Bf7 66. Bc2+ Kb4 67. Na3 Bg8 68. Bd1 Bf7 69. Nc2+ Kb3 70. Nd4+ Kc4 71. Nc6 Kb5 72. Ne5 Bg8 73. Kd2 Kb4 74. Nd3+ Kb5 75. Kc3 Bf7 76. Ne5 Bg8 77. Be2+ Ka5 78. Nc6+ Kb6 79. Ne7 a3 80. bxa3 Bh7 81. Bd3 1-0

[Event "IND-ch U17"]
[Site "Bhubaneswar"]
[Date "2022.07.08"]
[Round "10"]
[White "Jani Kushal, R."]
[Black "Harsh, Suresh"]
[Result "1/2-1/2"]
[WhiteElo "1787"]
[BlackElo "2321"]
[PlyCount "92"]
[EventDate "2022.07.01"]
[EventType "swiss"]
[EventRounds "11"]
[EventCountry "IND"]
[SourceTitle "EXT 2023"]
[Source "ChessBase"]
[SourceDate "2022.10.05"]
[SourceVersion "1"]
[SourceVersionDate "2022.10.05"]
[SourceQuality "1"]

1. Nf3 Nf6 2. g3 b5 3. Bg2 Bb7 4. 0-0 e6 5. d3 c5 6. e4 d6 7. Re1 Nbd7 8. d4 Be7 9. a4 b4 10. e5 dxe5 11. dxe5 Nd5 12. a5 Rc8 13. Nbd2 c4 14. Ne4 Nc5 15. Nd6+ Bxd6 16. exd6 Qxd6 17. Qd4 0-0 18. Qxc4 f5 19. Qd4 a6 20. Bf4 Qe7 21. Bg5 Qc7 22. Bd2 Ne4 23. Ng5 e5 24. Qd3 Qxc2 25. Bxe4 fxe4 26. Qxe4 h6 27. Rac1 Qxe4 28. Nxe4 Rxc1 29. Bxc1 Ba8 30. Nc5 Rc8 31. Nd3 b3 32. Nxe5 Nb4 33. Bd2 Nc2 34. Rc1 g5 35. Ng4 Kh7 36. Kf1 Bf3 37. Ne3 Kg6 38. h4 Rc7 39. Ng2 Rd7 40. Bc3 g4 41. Ne3 Nxe3+ 42. fxe3 Be4 43. Bd4 Bc2 44. Ke2 Rf7 45. Be5 Rf5 46. Bc3 Rf3 1/2-1/2

[Event "IND-ch U17"]
[Site "Bhubaneswar"]
[Date "2022.07.07"]
[Round "9"]
[White "Harshit, Ranjan Sahu"]
[Black "Jani Kushal, R."]
[Result "0-1"]
[WhiteElo "1835"]
[BlackElo "1787"]
[PlyCount "110"]
[EventDate "2022.07.01"]
[EventType "swiss"]
[EventRounds "11"]
[EventCountry "IND"]
[SourceTitle "EXT 2023"]
[Source "ChessBase"]
[SourceDate "2022.10.05"]
[SourceVersion "1"]
[SourceVersionDate "2022.10.05"]
[SourceQuality "1"]

1. e4 c5 2. Nc3 Nc6 3. f4 g6 4. Nf3 Bg7 5. Bc4 e6 6. 0-0 Nge7 7. Qe1 0-0 8. d3 d5 9. Bb3 Nd4 10. Nxd4 cxd4 11. Nd1 b5 12. Bd2 dxe4 13. dxe4 Bb7 14. Nf2 a5 15. a4 b4 16. Nd3 Qc7 17. Qe2 Rfe8 18. Rf3 Nc8 19. Rh3 Nd6 20. Nf2 Qc6 21. Ng4 Qxe4 22. Qf2 h5 23. Ne5 Rad8 24. Nf3 Qc6 25. Re1 Ne4 26. Qe2 Nc5 27. Bc4 Ba6 28. Ne5 Bxc4 29. Qxc4 Qd5 30. Qf1 Nxa4 31. g4 hxg4 32. Nxg4 Qf5 33. Rh4 Nc5 34. Qh3 Kf8 35. Rh7 Nd7 36. Re5 Bxe5 37. Nh6 Qf6 38. Rxf7+ Qxf7 39. Nxf7 Kxf7 40. fxe5 Rh8 41. Qf3+ Kg7 42. Qe4 Rdf8 43. Qxd4 Rf7 44. Be1 Rh5 45. Bg3 Rg5 46. Kg2 Rgf5 47. c4 bxc3 48. Qxc3 Nb6 49. Qxa5 Nd5 50. Qd2 Rf3 51. Bf2 Rxf2+ 52. Qxf2 Rxf2+ 53. Kxf2 g5 54. Kf3 Kg6 55. Ke4 g4 0-1

[Event "IND-ch U17"]
[Site "Bhubaneswar"]
[Date "2022.07.02"]
[Round "3"]
[White "Jani Kushal, R."]
[Black "Manish, Kumar7777"]
[Result "1-0"]
[WhiteElo "1787"]
[BlackElo "2105"]
[PlyCount "85"]
[EventDate "2022.07.01"]
[EventType "swiss"]
[EventRounds "11"]
[EventCountry "IND"]
[SourceTitle "EXT 2023"]
[Source "ChessBase"]
[SourceDate "2022.10.05"]
[SourceVersion "1"]
[SourceVersionDate "2022.10.05"]
[SourceQuality "1"]

1. Nf3 Nf6 2. g3 g6 3. b3 Bg7 4. Bb2 0-0 5. Bg2 d6 6. d4 Nbd7 7. 0-0 Re8 8. Re1 e5 9. dxe5 Ng4 10. Qd2 Ngxe5 11. Nxe5 Nxe5 12. c4 a5 13. Nc3 a4 14. Rad1 axb3 15. axb3 Bf5 16. h3 h5 17. f4 Nc6 18. e4 Be6 19. Qf2 Bd7 20. Kh2 Ra5 21. Nd5 Ra2 22. Re2 Be6 23. e5 Bxd5 24. Bxd5 Qc8 25. Rdd2 Nb4 26. Be4 dxe5 27. f5 Ra6 28. Bc3 c5 29. Qg2 Rb6 30. g4 hxg4 31. Qxg4 Bh6 32. Rd1 Bf4+ 33. Kh1 Na6 34. Bc2 g5 35. Rf2 Qc6+ 36. Rd5 Kf8 37. Qh5 Nc7 38. Rxf4 gxf4 39. Qh8+ Ke7 40. Qxe5+ Ne6 41. Qf6+ Kf8 42. Qh8+ Ke7 43. f6# 1-0

[Event "Chennai op 13th"]
[Site "Chennai"]
[Date "2022.06.26"]
[Round "10"]
[White "Tran, Tuan Minh"]
[Black "Jani Kushal, R."]
[Result "1-0"]
[WhiteElo "2513"]
[BlackElo "1800"]
[PlyCount "67"]
[EventDate "2022.06.19"]
[EventType "swiss"]
[EventRounds "10"]
[EventCountry "IND"]
[SourceTitle "CBM 209 Extra"]
[Source "ChessBase"]
[SourceDate "2022.09.30"]
[SourceVersion "1"]
[SourceVersionDate "2022.09.30"]
[SourceQuality "1"]

1. c4 Nf6 2. Nc3 g6 3. g3 Bg7 4. Bg2 0-0 5. e3 c5 6. Nge2 Nc6 7. 0-0 d6 8. d4 Bg4 9. h3 cxd4 10. exd4 Bxe2 11. Nxe2 d5 12. cxd5 Nxd5 13. Qb3 Nb6 14. d5 Na5 15. Qf3 Nac4 16. Rb1 Rc8 17. b3 Ne5 18. Qe4 Nbd7 19. Ba3 Nc5 20. Qe3 Qb6 21. Rbc1 Ned3 22. Rc4 Qa6 23. Bxc5 Nxc5 24. Rfc1 b6 25. b4 Bb2 26. R1c2 Na4 27. Rxc8 Rxc8 28. b5 Qb7 29. d6 exd6 30. Bxb7 Rxc2 31. Bd5 Rc7 32. Qb3 Nc3 33. Bxf7+ Rxf7 34. Nxc3 1-0

[Event "IND-ch U18 31st"]
[Site "Pollachi"]
[Date "2022.04.22"]
[Round "10"]
[White "Jani Kushal, R."]
[Black "Sooriya, BY."]
[Result "1-0"]
[WhiteElo "1818"]
[BlackElo "1458"]
[PlyCount "71"]
[EventDate "2022.04.18"]
[EventType "swiss"]
[EventRounds "11"]
[EventCountry "IND"]
[SourceTitle "EXT 2023"]
[Source "ChessBase"]
[SourceDate "2022.10.05"]
[SourceVersion "1"]
[SourceVersionDate "2022.10.05"]
[SourceQuality "1"]

1. Nf3 d5 2. g3 Nf6 3. Bg2 c6 4. 0-0 Bg4 5. h3 Bh5 6. d3 Nbd7 7. c4 e6 8. cxd5 cxd5 9. Qb3 Qb6 10. Qc2 Be7 11. Nc3 Rc8 12. Be3 Qd8 13. Qb3 b6 14. Rfc1 0-0 15. g4 Bg6 16. Nb5 Rxc1+ 17. Rxc1 a6 18. Nbd4 Nc5 19. Qc2 Bd6 20. b4 Ncd7 21. Qa4 e5 22. Nc6 Qa8 23. g5 e4 24. gxf6 exf3 25. Ne7+ Bxe7 26. fxe7 Re8 27. Bxf3 Rxe7 28. Qc6 Qxc6 29. Rxc6 Re8 30. Bxd5 Bf5 31. Kg2 h6 32. Rd6 Nf6 33. Bf3 Be6 34. Rxb6 Bxa2 35. Rxa6 Bd5 36. Rxf6 1-0

[Event "IND-ch U16"]
[Site "New Delhi"]
[Date "2022.03.08"]
[Round "8"]
[White "Jani Kushal, R."]
[Black "Pawar, Harshit"]
[Result "1-0"]
[WhiteElo "1746"]
[BlackElo "1921"]
[PlyCount "43"]
[EventDate "2022.03.04"]
[EventType "swiss"]
[EventRounds "9"]
[EventCountry "IND"]
[SourceTitle "CBM 207 Extra"]
[Source "ChessBase"]
[SourceDate "2022.05.31"]
[SourceVersion "1"]
[SourceVersionDate "2022.05.31"]
[SourceQuality "1"]

1. Nf3 d5 2. g3 Nf6 3. Bg2 c5 4. 0-0 Nc6 5. d4 e6 6. c4 Be7 7. cxd5 Nxd5 8. Nc3 0-0 9. Nxd5 Qxd5 10. Be3 c4 11. Rc1 Qb5 12. Qc2 Bf6 13. a4 Qb3 14. Qxc4 Qxb2 15. Rb1 Qa3 16. Ne5 Nxe5 17. dxe5 Be7 18. Rfd1 b5 19. Qxb5 Bb7 20. Bxb7 Rad8 21. Rxd8 Rxd8 22. Qb3 1-0

[Event "Bhopal op"]
[Site "Bhopal"]
[Date "2019.12.28"]
[Round "10"]
[White "Shiva, Pavan Teja Sharma U"]
[Black "Jani Kushal, R."]
[Result "1/2-1/2"]
[WhiteElo "2072"]
[BlackElo "1611"]
[PlyCount "60"]
[EventDate "2019.12.21"]
[EventType "swiss"]
[EventRounds "10"]
[EventCountry "IND"]
[SourceTitle "CBM 194 Extra"]
[Source "ChessBase"]
[SourceDate "2020.03.31"]
[SourceVersion "1"]
[SourceVersionDate "2020.03.31"]
[SourceQuality "1"]

1. e4 c5 2. Nf3 d6 3. d4 cxd4 4. Nxd4 Nf6 5. Nc3 a6 6. Be3 e5 7. Nb3 Be7 8. f3 Be6 9. Qd2 0-0 10. 0-0-0 b5 11. Kb1 Nbd7 12. Qf2 b4 13. Nd5 Bxd5 14. exd5 a5 15. Bb5 a4 16. Nd2 Nxd5 17. Nc4 Nxe3 18. Qxe3 Qc7 19. Bxd7 Qxc4 20. Qd3 Qxd3 21. Rxd3 g6 22. Bc6 Ra7 23. b3 a3 24. Bd5 Rc8 25. Re1 Rac7 26. Re2 Kg7 27. Rde3 Rc5 28. Rd3 f5 29. h3 Rc3 30. Rxc3 Rxc3 1/2-1/2

[Event "Bhopal op"]
[Site "Bhopal"]
[Date "2019.12.22"]
[Round "3"]
[White "Jani Kushal, R."]
[Black "Safranska, Anda"]
[Result "1-0"]
[WhiteElo "1611"]
[BlackElo "2112"]
[PlyCount "101"]
[EventDate "2019.12.21"]
[EventType "swiss"]
[EventRounds "10"]
[EventCountry "IND"]
[SourceTitle "CBM 194 Extra"]
[Source "ChessBase"]
[SourceDate "2020.03.31"]
[SourceVersion "1"]
[SourceVersionDate "2020.03.31"]
[SourceQuality "1"]

1. d4 d6 2. c4 e5 3. dxe5 dxe5 4. Qxd8+ Kxd8 5. Nf3 f6 6. Nc3 Be6 7. e4 Nd7 8. Be3 c6 9. Be2 a5 10. Na4 Kc7 11. 0-0-0 Nh6 12. h3 Nf7 13. c5 g6 14. Nd2 Bh6 15. Bxh6 Nxh6 16. Bc4 Nf8 17. Nb6 Rd8 18. Nb3 Bxc4 19. Rxd8 Kxd8 20. Nxc4 a4 21. Nba5 Ne6 22. b4 axb3 23. Nxb3 Kc7 24. Rd1 Nf7 25. Nb6 Rd8 26. Rxd8 Kxd8 27. h4 Nf4 28. g3 Nd3+ 29. Kd2 Nxf2 30. Ke3 Ng4+ 31. Kf3 h5 32. Na5 Kc7 33. Na8+ Kb8 34. Nb6 g5 35. Nd7+ Kc7 36. Nf8 gxh4 37. gxh4 Nd8 38. Nc4 Nf7 39. Ne6+ Kd7 40. Ng7 Ngh6 41. Nxh5 Ng8 42. Ng7 Nd8 43. Kg4 Ke7 44. Nf5+ Ke6 45. h5 Nf7 46. Na5 Ngh6+ 47. Nxh6 Nxh6+ 48. Kf3 f5 49. Nxb7 Nf7 50. exf5+ Kxf5 51. Nd6+ 1-0